| 000 | 02018nam0a2200385 4500 | ||
|---|---|---|---|
| 001 | RU\NLR\BIBL_A\022748686 | ||
| 005 | 20260517042626.0 | ||
| 010 |
_a978-5-6055132-3-0 _9350 |
||
| 021 |
_aRU _bКН-П-26-002123 _9КН-П-26-0192 |
||
| 035 | _a(NLR Aleph) 022748686 | ||
| 090 |
_a13704386 _c13704386 |
||
| 100 | _a20260310d2025 k y0rusy50 ca | ||
| 101 | 0 | _arus | |
| 102 | _aRU | ||
| 105 | _aabc b 000yy | ||
| 181 | 0 |
_ai3 _baxxe |
|
| 181 | 0 |
_ab2 _bxb2e |
|
| 182 | 0 | _an | |
| 200 | 1 |
_aЭкпедиционные исследования природы и населения Северного Кавказа (XV–XXI вв.) _eкаталог _fГагаева З. Ш., Керимов И. А., Широкова В. А. _gИнститут истории естествознания и техники имени С. И. Вавилова Российской академии наук |
|
| 203 |
_aТекст _aИзображение _bвизуальные _cнепосредственные |
||
| 210 |
_aМосква _cИИЕТ РАН _d2025 |
||
| 215 |
_a279 с. _cил., карты, портр., табл., цв. карты _d24 |
||
| 320 | _aБиблиогр.: с. 245–275 | ||
| 606 | 1 |
_aПрирода _xИзучение _xИстория _yКавказ Северный _92535399 _3RU\NLR\AUTH\6601715084 |
|
| 606 | 1 |
_aГеографические исследования _xИстория _yКавказ Северный _92535403 _3RU\NLR\AUTH\6601715085 |
|
| 607 |
_aКавказ Северный _jКаталоги _xЭкспедиции _z15 - 21 вв. _92708667 _3RU\NLR\AUTH\6601770407 |
||
| 686 | 1 | _aД829(2Р37) | |
| 686 | 1 | _aД890(2Р37)02 | |
| 700 | 1 |
_aГагаева _bЗ. Ш. _gЗульфира Шерпаевна |
|
| 701 | 1 |
_aКеримов _bИ. А. _f1955- _gИбрагим Ахмедович |
|
| 701 | 1 |
_aШирокова _bВ. А. _f1958- _gВера Александровна |
|
| 942 | _cBOOK | ||
| 980 | _aNB | ||